[Event "SC Steinfurt 1 - SK Dülmen 1"]
[Site "Verbandsliga 2017/2018"]
[Date "2018.02.10"]
[Round "6.1"]
[White "Eiersbrock, Robin"]
[Black "Grälken, Matthias"]
[Result "1/2-1/2"]
[WhiteElo "1988"]
[BlackElo "2043"]
[PlyCount "87"]
[EventDate "2018.??.??"]
[SourceTitle "Verband Muensterland"]
[SourceDate "2017.09.16"]
[SourceVersion "1"]
[SourceVersionDate "2017.09.16"]
[SourceQuality "1"]

1. d4 g6 2. c4 Bg7 3. Nc3 d6 4. Nf3 c5 5. dxc5 Bxc3+ 6. bxc3 dxc5 7. Qxd8+ Kxd8
8. Ne5 Ke8 9. g3 f6 10. Nd3 Nd7 11. Be3 b6 12. Bg2 Rb8 13. O-O e5 14. a4 a5 15.
Rab1 Ne7 16. f4 Ba6 17. fxe5 fxe5 18. Bh3 Nf5 19. Bxf5 gxf5 20. Rxf5 Bxc4 21.
Nxe5 Be6 22. Rh5 Bf7 23. Nxd7 Kxd7 24. Rd1+ Kc6 25. Rh6+ Bg6 26. h4 Kb7 27. h5
Bf5 28. Rd5 Rhf8 29. Rhd6 Rbe8 30. Bh6 Rf7 31. e3 Rg8 32. Bf4 Bg4 33. h6 Bf5
34. Rd2 Rc8 35. Kf2 Rc6 36. Rd8 Rc8 37. R8d6 Rc6 38. Rd8 Rc8 39. R8d5 Re8 40.
Rb2 Rc8 41. Kf3 Bd7 42. Rg5 Bxa4 43. Rg7 Rcc7 44. Rxf7 1/2-1/2

[Event "SC Steinfurt 1 - SK Dülmen 1"]
[Site "Verbandsliga 2017/2018"]
[Date "2018.02.10"]
[Round "6.2"]
[White "Haselhorst, Helmut"]
[Black "Grund, Wolfgang"]
[Result "0-1"]
[WhiteElo "2097"]
[BlackElo "1884"]
[PlyCount "54"]
[EventDate "2018.??.??"]
[SourceTitle "Verband Muensterland"]
[SourceDate "2017.09.16"]
[SourceVersion "1"]
[SourceVersionDate "2017.09.16"]
[SourceQuality "1"]

1. Nf3 d5 2. d4 e6 3. g3 Be7 4. Bg2 Nf6 5. O-O Nbd7 6. c4 dxc4 7. Qa4 c6 8.
Qxc4 Nb6 9. Qc2 h6 10. Rd1 O-O 11. e4 Bd7 12. Nc3 Nh7 13. Ne5 Be8 14. d5 cxd5
15. exd5 Qc7 16. Qe2 Bd6 17. Ng4 exd5 18. Nxd5 Nxd5 19. Bxd5 Bc6 20. Ne3 Rfe8
21. Qc4 Rad8 22. Bxc6 bxc6 23. Bd2 Ng5 24. Qg4 Re4 25. f4 Bc5 26. Qf5 Rd5 27.
Qg4 Rxd2 0-1

[Event "SC Steinfurt 1 - SK Dülmen 1"]
[Site "Verbandsliga 2017/2018"]
[Date "2018.02.10"]
[Round "6.3"]
[White "Nolting, Bodo"]
[Black "Arning, Marcus"]
[Result "0-1"]
[WhiteElo "1735"]
[BlackElo "1893"]
[PlyCount "36"]
[EventDate "2018.??.??"]
[SourceTitle "Verband Muensterland"]
[SourceDate "2017.09.16"]
[SourceVersion "1"]
[SourceVersionDate "2017.09.16"]
[SourceQuality "1"]

1. e4 e5 2. Nf3 Nc6 3. d4 exd4 4. Bc4 Nf6 5. O-O Nxe4 6. Re1 d5 7. Bxd5 Qxd5 8.
Nc3 Qd8 9. Nxe4 Be7 10. Bg5 f6 11. Nxf6+ gxf6 12. Bxf6 O-O 13. Bxe7 Nxe7 14.
Qe2 Nc6 15. Qc4+ Kh8 16. Rad1 Bg4 17. Nxd4 Bxd1 18. Ne6 Qd2 0-1

[Event "SC Steinfurt 1 - SK Dülmen 1"]
[Site "Verbandsliga 2017/2018"]
[Date "2018.02.10"]
[Round "6.4"]
[White "Wild, Helmut"]
[Black "Rebber, Christian"]
[Result "1/2-1/2"]
[WhiteElo "1837"]
[BlackElo "1861"]
[PlyCount "81"]
[EventDate "2018.??.??"]
[SourceTitle "Verband Muensterland"]
[SourceDate "2017.09.16"]
[SourceVersion "1"]
[SourceVersionDate "2017.09.16"]
[SourceQuality "1"]

1. c4 c6 2. e4 e5 3. Nc3 Nf6 4. Nf3 d6 5. d4 Qc7 6. Be2 Be7 7. h3 Nbd7 8. O-O
O-O 9. Be3 a6 10. Rc1 b6 11. a3 Bb7 12. b4 Rfd8 13. d5 c5 14. b5 Nf8 15. Qc2 a5
16. g3 Bc8 17. Kg2 Ng6 18. Rh1 h6 19. Rcg1 Nh7 20. h4 Bf8 21. Kf1 Bg4 22. Ke1
Ne7 23. Nh2 Bxe2 24. Nxe2 Kh8 25. f4 Qd7 26. fxe5 dxe5 27. g4 g6 28. Nf3 Bg7
29. Qd2 Ng8 30. Nc3 Qe7 31. Na4 Rab8 32. Qf2 Rdc8 33. Kd1 f6 34. Ne1 Qc7 35.
Nd3 Rf8 36. Nxb6 Qxb6 37. Bxc5 Qc7 38. b6 Qd7 39. Bxf8 Bxf8 40. c5 Qa4+ 41. Kd2
1/2-1/2

[Event "SC Steinfurt 1 - SK Dülmen 1"]
[Site "Verbandsliga 2017/2018"]
[Date "2018.02.10"]
[Round "6.5"]
[White "Lödding, Detlef"]
[Black "Janning, Rainer"]
[Result "1/2-1/2"]
[WhiteElo "1862"]
[BlackElo "1901"]
[PlyCount "108"]
[EventDate "2018.??.??"]
[SourceTitle "Verband Muensterland"]
[SourceDate "2017.09.16"]
[SourceVersion "1"]
[SourceVersionDate "2017.09.16"]
[SourceQuality "1"]

1. c4 e6 2. g3 f5 3. Bg2 Nf6 4. Nf3 c6 5. O-O d5 6. b3 Bd6 7. Bb2 O-O 8. d3 f4
9. Nbd2 Nbd7 10. e4 fxe3 11. fxe3 Ng4 12. Qe2 Qe7 13. e4 dxc4 14. Nxc4 Bc7 15.
Nh4 Nxh2 16. Rxf8+ Nxf8 17. e5 g5 18. Nf3 Nxf3+ 19. Bxf3 Bd7 20. Ne3 Be8 21.
Ng4 Nd7 22. Kg2 Bg6 23. Rh1 Rf8 24. Be4 Qe8 25. Qe3 Bxe4+ 26. dxe4 Qg6 27. Rh6
Qg7 28. Rh5 Kh8 29. Rxg5 Qf7 30. Qe2 Qe7 31. Rh5 Rg8 32. Rh3 Rg7 33. Nf2 Bxe5
34. Nd3 Bxb2 35. Nxb2 Qf6 36. Nc4 Ne5 37. Nxe5 Qxe5 38. Kh2 Rd7 39. Rh5 Qf6 40.
Rh4 Qg5 41. Qf3 Rg7 42. Qf4 Qxf4 43. Rxf4 Kg8 44. Kg2 Rf7 45. Rg4+ Kf8 46. a4
Ke7 47. e5 Kf8 48. Rd4 Ke7 49. g4 Rf8 50. a5 Rd8 51. Rb4 Rd7 52. Kf3 Kd8 53.
Kf4 Rg7 54. Rd4+ Kc7 1/2-1/2

[Event "SC Steinfurt 1 - SK Dülmen 1"]
[Site "Verbandsliga 2017/2018"]
[Date "2018.02.10"]
[Round "6.6"]
[White "Raue, Thorsten"]
[Black "Tecklenborg, Georg"]
[Result "1-0"]
[WhiteElo "1835"]
[BlackElo "1810"]
[PlyCount "107"]
[EventDate "2018.??.??"]
[SourceTitle "Verband Muensterland"]
[SourceDate "2017.09.16"]
[SourceVersion "1"]
[SourceVersionDate "2017.09.16"]
[SourceQuality "1"]

1. b4 c6 2. e3 e5 3. Bb2 Bxb4 4. Bxe5 Nf6 5. Nf3 d5 6. c4 Nbd7 7. Bb2 O-O 8.
cxd5 Nxd5 9. Be2 Nc5 10. O-O Bf5 11. d3 Re8 12. Qc2 Qe7 13. a3 Ba5 14. Ne5 Bc7
15. Nd2 Bxe5 16. Bxe5 Nxe3 17. fxe3 Qxe5 18. Nc4 Qd5 19. e4 Qd4+ 20. Kh1 Be6
21. Na5 Rac8 22. Rac1 b6 23. Nc4 Bxc4 24. Qxc4 Qxc4 25. Rxc4 Red8 26. Rd1 Rc7
27. e5 Rcd7 28. d4 Ne4 29. Kg1 Rc7 30. Bf3 f5 31. Bxe4 fxe4 32. Kf2 c5 33. d5
Rcd7 34. d6 Kf7 35. Rxe4 Ke6 36. Rd3 Rf8+ 37. Rf3 Rxf3+ 38. gxf3 b5 39. Ke3 b4
40. axb4 cxb4 41. f4 Rb7 42. Kd2 a5 43. Kc2 a4 44. f5+ Kd7 45. Rd4 b3+ 46. Kb1
a3 47. e6+ Kd8 48. Ra4 a2+ 49. Kb2 Rb8 50. Ra7 Ke8 51. Rxg7 Kf8 52. f6 Rb6 53.
e7+ Ke8 54. Rg8+ 1-0

[Event "SC Steinfurt 1 - SK Dülmen 1"]
[Site "Verbandsliga 2017/2018"]
[Date "2018.02.10"]
[Round "6.7"]
[White "Kötting, Hans-Erich"]
[Black "Yust, Evgeniy"]
[Result "0-1"]
[WhiteElo "1850"]
[BlackElo "1877"]
[PlyCount "81"]
[EventDate "2018.??.??"]
[SourceTitle "Verband Muensterland"]
[SourceDate "2017.09.16"]
[SourceVersion "1"]
[SourceVersionDate "2017.09.16"]
[SourceQuality "1"]

1. d4 f5 2. Nf3 Nf6 3. Bf4 d6 4. e3 Nc6 5. c3 g6 6. Nbd2 Bg7 7. Bc4 e6 8. Qe2
Qe7 9. O-O-O Bd7 10. Rhe1 a6 11. h3 b5 12. Bd3 e5 13. dxe5 dxe5 14. Bg5 e4 15.
Bc2 exf3 16. Qxf3 O-O 17. e4 Rae8 18. Qg3 f4 19. Qh4 h6 20. Bxh6 Nh7 21. Bb3+
Kh8 22. Bxg7+ Kxg7 23. Nf3 Qxh4 24. Nxh4 Be6 25. Bc2 Ne5 26. b3 Rd8 27. Rd4 c5
28. Rd2 Rxd2 29. Kxd2 Rd8+ 30. Ke2 Ng5 31. g3 f3+ 32. Ke3 Bxh3 33. Kf4 Kf6 34.
g4 Rd2 35. Bb1 Rxf2 36. Rd1 Bxg4 37. Kg3 Rb2 38. Rf1 Bh3 39. Rh1 f2 40. Ng2
Bxg2 41. Kxg2 0-1

[Event "SC Steinfurt 1 - SK Dülmen 1"]
[Site "Verbandsliga 2017/2018"]
[Date "2018.02.10"]
[Round "6.8"]
[White "Freitag, Michael"]
[Black "Hoffmann, Klaus-Peter"]
[Result "0-1"]
[WhiteElo "1696"]
[BlackElo "1517"]
[PlyCount "140"]
[EventDate "2018.??.??"]
[SourceTitle "Verband Muensterland"]
[SourceDate "2017.09.16"]
[SourceVersion "1"]
[SourceVersionDate "2017.09.16"]
[SourceQuality "1"]

1. d4 Nf6 2. c3 d5 3. e3 e6 4. f4 c5 5. Bd3 Ne4 6. Nf3 Nd7 7. O-O Ndf6 8. Ne5
Bd6 9. Bb5+ Bd7 10. Nxd7 Nxd7 11. Nd2 O-O 12. Nf3 a6 13. Bd3 cxd4 14. exd4 f5
15. Ne5 Nxe5 16. fxe5 Be7 17. Qh5 Qe8 18. Qxe8 Raxe8 19. a4 a5 20. Bb5 Rd8 21.
Be3 Rf7 22. Rae1 Bf8 23. c4 g6 24. c5 Rc7 25. Rc1 Rdc8 26. Rfd1 Be7 27. Rc2 b6
28. c6 Bb4 29. Rdc1 Kg7 30. g3 g5 31. Kg2 g4 32. Rh1 h5 33. h3 Kg6 34. hxg4
fxg4 35. Rf1 Kg7 36. Bf4 Kg6 37. Be3 Kg7 38. Rf4 Be7 39. Rf1 Bb4 40. Rfc1 Kg6
41. Ba6 Rf8 42. Bf4 h4 43. Be2 h3+ 44. Kh2 Kh5 45. Bd3 Rfc8 46. Ba6 Rf8 47. Rf1
Rh8 48. Be3 Re8 49. Rf6 Nxf6 50. exf6 Bd6 51. Bb5 Rf8 52. Rf2 Rcf7 53. Rc2 Bc7
54. Bf4 Bxf4 55. gxf4 Rc7 56. Kg3 Rxf6 57. Re2 Rcf7 58. Rf2 Rxf4 59. Rxf4 Rxf4
60. c7 Rf3+ 61. Kh2 Rf2+ 62. Kg3 Rg2+ 63. Kf4 Rc2 64. Bd7 Rxc7 65. Bxe6 h2 66.
Bxd5 Rc1 67. Ke5 h1=Q 68. Bxh1 Rxh1 69. d5 Rd1 70. d6 g3 0-1

[Event "SC Rochade Emsdetten 2 - SK Münster 4"]
[Site "Verbandsliga 2017/2018"]
[Date "2018.02.10"]
[Round "6.1"]
[White "Schulz, Stefan"]
[Black "Böhlich, Daniel"]
[Result "0-1"]
[WhiteElo "1885"]
[BlackElo "2003"]
[PlyCount "51"]
[EventDate "2018.??.??"]
[SourceTitle "Verband Muensterland"]
[SourceDate "2017.09.16"]
[SourceVersion "1"]
[SourceVersionDate "2017.09.16"]
[SourceQuality "1"]

1. d4 d5 2. c4 e6 3. Nf3 Nf6 4. g3 dxc4 5. Qa4+ Nbd7 6. Qxc4 a6 7. Bg2 b5 8.
Qc2 Bb7 9. O-O c5 10. Bg5 Qb6 11. Bxf6 Nxf6 12. e3 Rc8 13. Qd1 cxd4 14. Nxd4
Bxg2 15. Kxg2 Bc5 16. Nb3 O-O 17. N1d2 Rfd8 18. Qf3 Nd7 19. Nxc5 Rxc5 20. Rac1
Ne5 21. Qe2 Qc6+ 22. Nf3 Rxc1 23. Rxc1 Qxc1 24. Nxe5 Qd2 25. Qh5 Qd5+ 26. Kh3
0-1

[Event "SC Rochade Emsdetten 2 - SK Münster 4"]
[Site "Verbandsliga 2017/2018"]
[Date "2018.02.10"]
[Round "6.2"]
[White "Ortmeier, Leonhard"]
[Black "Jansen, Dirk"]
[Result "1/2-1/2"]
[WhiteElo "1955"]
[BlackElo "1955"]
[PlyCount "44"]
[EventDate "2018.??.??"]
[SourceTitle "Verband Muensterland"]
[SourceDate "2017.09.16"]
[SourceVersion "1"]
[SourceVersionDate "2017.09.16"]
[SourceQuality "1"]

1. e4 e6 2. d4 d5 3. Nc3 Bb4 4. exd5 exd5 5. Bd3 Nc6 6. Nge2 Nge7 7. O-O Bf5 8.
Bf4 Qd7 9. Nb5 Ba5 10. c3 Bxd3 11. Qxd3 a6 12. Na3 Qf5 13. Qg3 Qd7 14. b4 Nf5
15. Qd3 Bb6 16. Nc2 Nce7 17. Ng3 O-O 18. a4 c6 19. Rab1 Nd6 20. Ne3 Rfe8 21.
Rb2 Bc7 22. Rfb1 Nc4 1/2-1/2

[Event "SC Rochade Emsdetten 2 - SK Münster 4"]
[Site "Verbandsliga 2017/2018"]
[Date "2018.02.10"]
[Round "6.3"]
[White "Voß, Norbert"]
[Black "Delere, Adrian"]
[Result "1/2-1/2"]
[WhiteElo "1850"]
[BlackElo "1784"]
[PlyCount "25"]
[EventDate "2018.??.??"]
[SourceTitle "Verband Muensterland"]
[SourceDate "2017.09.16"]
[SourceVersion "1"]
[SourceVersionDate "2017.09.16"]
[SourceQuality "1"]

1. c4 f5 2. g3 Nf6 3. Bg2 g6 4. d3 Bg7 5. e4 d6 6. exf5 Bxf5 7. Ne2 Nc6 8. O-O
O-O 9. Nbc3 Rb8 10. d4 Nb4 11. Be3 c6 12. Qd2 Nc2 13. Rac1 1/2-1/2

[Event "SC Rochade Emsdetten 2 - SK Münster 4"]
[Site "Verbandsliga 2017/2018"]
[Date "2018.02.10"]
[Round "6.4"]
[White "Nöring, Andreas"]
[Black "Voß, Andreas"]
[Result "1/2-1/2"]
[WhiteElo "1847"]
[BlackElo "1806"]
[PlyCount "35"]
[EventDate "2018.??.??"]
[SourceTitle "Verband Muensterland"]
[SourceDate "2017.09.16"]
[SourceVersion "1"]
[SourceVersionDate "2017.09.16"]
[SourceQuality "1"]

1. Nf3 f5 2. d4 Nf6 3. c4 e6 4. Nc3 d5 5. cxd5 exd5 6. Bf4 Bd6 7. Bxd6 Qxd6 8.
e3 O-O 9. Rc1 c6 10. Ne5 Nbd7 11. f4 Ne4 12. Nxe4 fxe4 13. Be2 Nxe5 14. dxe5
Qb4+ 15. Qd2 a5 16. a3 Qxd2+ 17. Kxd2 Bd7 18. h3 1/2-1/2

[Event "SC Rochade Emsdetten 2 - SK Münster 4"]
[Site "Verbandsliga 2017/2018"]
[Date "2018.02.10"]
[Round "6.5"]
[White "Börger, Andreas"]
[Black "Hedwig, Johannes"]
[Result "1/2-1/2"]
[WhiteElo "1774"]
[BlackElo "1787"]
[PlyCount "36"]
[EventDate "2018.??.??"]
[SourceTitle "Verband Muensterland"]
[SourceDate "2017.09.16"]
[SourceVersion "1"]
[SourceVersionDate "2017.09.16"]
[SourceQuality "1"]

1. c4 e5 2. e4 c5 3. Nc3 Nc6 4. d3 d6 5. f4 Nf6 6. Be2 Nd4 7. h3 Bd7 8. Nf3
Nxf3+ 9. Bxf3 Be7 10. a3 a6 11. O-O Qc7 12. Be3 O-O 13. g4 Bc6 14. g5 Ne8 15.
f5 b5 16. Qd2 Bd8 17. h4 f6 18. Ne2 Rb8 1/2-1/2

[Event "SC Rochade Emsdetten 2 - SK Münster 4"]
[Site "Verbandsliga 2017/2018"]
[Date "2018.02.10"]
[Round "6.6"]
[White "Wissing, Philipp"]
[Black "Sokolowski, Cyril"]
[Result "1-0"]
[WhiteElo "1781"]
[BlackElo "1725"]
[PlyCount "61"]
[EventDate "2018.??.??"]
[SourceTitle "Verband Muensterland"]
[SourceDate "2017.09.16"]
[SourceVersion "1"]
[SourceVersionDate "2017.09.16"]
[SourceQuality "1"]

1. e4 d5 2. exd5 Qxd5 3. Nc3 Qd8 4. d4 Nf6 5. Bc4 c6 6. Nf3 Bf5 7. Ne2 e6 8.
O-O Be7 9. Ng3 Bg6 10. Re1 Nbd7 11. c3 Nd5 12. Bxd5 cxd5 13. Bf4 h6 14. Ne5
Nxe5 15. Bxe5 O-O 16. Nh5 Bd6 17. Nf4 Bf5 18. Nd3 Bxd3 19. Qxd3 Bxe5 20. Rxe5
Qb6 21. Qd2 a5 22. Rae1 Rfe8 23. R1e3 Qb5 24. Rg3 Kf8 25. Rh5 f6 26. Rxg7 Kxg7
27. Qxh6+ Kf7 28. Qh7+ Kf8 29. Rh6 Rec8 30. Rg6 Rxc3 31. Rg8# 1-0

[Event "SC Rochade Emsdetten 2 - SK Münster 4"]
[Site "Verbandsliga 2017/2018"]
[Date "2018.02.10"]
[Round "6.7"]
[White "Stumpe, Danny"]
[Black "Lücke, Thomas"]
[Result "1/2-1/2"]
[WhiteElo "1685"]
[BlackElo "1828"]
[PlyCount "45"]
[EventDate "2018.??.??"]
[SourceTitle "Verband Muensterland"]
[SourceDate "2017.09.16"]
[SourceVersion "1"]
[SourceVersionDate "2017.09.16"]
[SourceQuality "1"]

1. e4 c6 2. c3 d5 3. exd5 cxd5 4. Nf3 Nc6 5. d4 Nf6 6. Bf4 e6 7. Bd3 Bd6 8. Bg5
h6 9. Bh4 Bd7 10. Nbd2 a6 11. Qe2 Qc7 12. Bg3 Bxg3 13. hxg3 Na7 14. Nb3 Bb5 15.
Nc5 Bxd3 16. Qxd3 Nc6 17. O-O O-O 18. Qe2 Nd7 19. Nd3 Rac8 20. Rfe1 Na5 21. Nf4
Rfe8 22. Nh2 Nc4 23. Rab1 1/2-1/2

[Event "SC Rochade Emsdetten 2 - SK Münster 4"]
[Site "Verbandsliga 2017/2018"]
[Date "2018.02.10"]
[Round "6.8"]
[White "Bilecen, Simon"]
[Black "Baumann, Eva"]
[Result "1/2-1/2"]
[WhiteElo "1609"]
[BlackElo "1665"]
[PlyCount "53"]
[EventDate "2018.??.??"]
[SourceTitle "Verband Muensterland"]
[SourceDate "2017.09.16"]
[SourceVersion "1"]
[SourceVersionDate "2017.09.16"]
[SourceQuality "1"]

1. d4 d5 2. Nf3 Nf6 3. Bf4 e6 4. e3 c5 5. c3 Nbd7 6. Bd3 Be7 7. h3 c4 8. Bc2 b5
9. Nbd2 Bb7 10. O-O O-O 11. Re1 Nb6 12. e4 dxe4 13. Nxe4 Nxe4 14. Bxe4 Bxe4 15.
Rxe4 Nd5 16. Bg3 a5 17. Ne5 Rc8 18. Rc1 Bd6 19. a3 Bxe5 20. Bxe5 f6 21. Bg3 Rc6
22. Qe2 Qd7 23. Re1 Re8 24. Rc1 Rec8 25. Re1 Re8 26. Rc1 Rec8 27. Re1 1/2-1/2

[Event "Schach Nienberge 2 - SV Heiden 1"]
[Site "Verbandsliga 2017/2018"]
[Date "2018.02.10"]
[Round "6.1"]
[White "Berger, Alfred"]
[Black "da Costa Campos, André"]
[Result "0-1"]
[WhiteElo "1951"]
[BlackElo "1942"]
[PlyCount "76"]
[EventDate "2018.??.??"]
[SourceTitle "Verband Muensterland"]
[SourceDate "2017.09.16"]
[SourceVersion "1"]
[SourceVersionDate "2017.09.16"]
[SourceQuality "1"]

1. d4 d5 2. Nf3 Nf6 3. e3 Bf5 4. c4 e6 5. Nc3 c5 6. cxd5 exd5 7. Bb5+ Nc6 8.
O-O a6 9. Bxc6+ bxc6 10. dxc5 Bxc5 11. Na4 Bd6 12. Nd4 Bd7 13. Qc2 O-O 14. Nc5
Bxc5 15. Qxc5 Ne4 16. Qc2 c5 17. Ne2 Bb5 18. f3 Nf6 19. Rd1 Bxe2 20. Qxe2 Qe7
21. b3 Rfe8 22. Ba3 Qxe3+ 23. Qxe3 Rxe3 24. Bxc5 Re2 25. Kf1 Rae8 26. Re1 Rc2
27. Rxe8+ Nxe8 28. Be3 f6 29. b4 Nd6 30. a4 Nc4 31. Bc1 d4 32. b5 axb5 33. axb5
d3 34. Bf4 g5 35. Bxg5 fxg5 36. Ra8+ Kf7 37. Rd8 Ne3+ 38. Kg1 d2 0-1

[Event "Schach Nienberge 2 - SV Heiden 1"]
[Site "Verbandsliga 2017/2018"]
[Date "2018.02.10"]
[Round "6.2"]
[White "Melkert, Tim"]
[Black "Wienen, Hermann"]
[Result "0-1"]
[WhiteElo "1946"]
[BlackElo "1928"]
[PlyCount "116"]
[EventDate "2018.??.??"]
[SourceTitle "Verband Muensterland"]
[SourceDate "2017.09.16"]
[SourceVersion "1"]
[SourceVersionDate "2017.09.16"]
[SourceQuality "1"]

1. e4 e5 2. Nf3 Nc6 3. Bb5 a6 4. Ba4 Nf6 5. O-O b5 6. Bb3 Be7 7. Re1 O-O 8. h3
d6 9. c3 Na5 10. Bc2 c5 11. d4 Qc7 12. Nbd2 Bd7 13. b3 cxd4 14. cxd4 Rac8 15.
Ba3 Qxc2 16. dxe5 Ne8 17. Nf1 Qxd1 18. Raxd1 Nc6 19. exd6 Bd8 20. Ne3 Ba5 21.
Nd5 Bxe1 22. Ne7+ Kh8 23. Nxc8 Bb4 24. Bxb4 Nxb4 25. Nb6 Nf6 26. e5 Rb8 27.
exf6 Rxb6 28. Ne5 Rb7 29. Nxf7+ Kg8 30. Ng5 gxf6 31. Ne4 Kf7 32. a3 Nc6 33. Rd5
Ne5 34. Nc5 Ra7 35. f4 Be6 36. Rd4 Nd7 37. b4 Nxc5 38. bxc5 Bd7 39. Kf2 Bc6 40.
g4 a5 41. Ke3 Rb7 42. Kd3 Ke6 43. Kc3 Rg7 44. Rd3 Rb7 45. Kd4 b4 46. Re3+ Kf7
47. axb4 Rxb4+ 48. Kc3 Rb7 49. Kc4 a4 50. Re1 a3 51. Ra1 Ra7 52. Ra2 Ra4+ 53.
Kb3 Rxf4 54. Rxa3 Rf3+ 55. Kb4 Rxa3 56. Kxa3 Ke6 57. Kb4 Kd5 58. h4 h6 0-1

[Event "Schach Nienberge 2 - SV Heiden 1"]
[Site "Verbandsliga 2017/2018"]
[Date "2018.02.10"]
[Round "6.3"]
[White "Ehrlich, Hans-Georg"]
[Black "Kipp, Lucas"]
[Result "0-1"]
[WhiteElo "1788"]
[BlackElo "1878"]
[PlyCount "77"]
[EventDate "2018.??.??"]
[SourceTitle "Verband Muensterland"]
[SourceDate "2017.09.16"]
[SourceVersion "1"]
[SourceVersionDate "2017.09.16"]
[SourceQuality "1"]

1. b4 Nf6 2. Bb2 d5 3. e3 Bf5 4. Nf3 e6 5. b5 Nbd7 6. a4 Bd6 7. Be2 O-O 8. d4
Rc8 9. O-O c6 10. Ba3 Ne4 11. Bd3 Qe7 12. Nfd2 Ndf6 13. f3 Nxd2 14. Bxd6 Nxf3+
15. Qxf3 Qxd6 16. Bxf5 exf5 17. Qxf5 Rce8 18. Ra3 Ne4 19. Rb3 Re6 20. Qf4 Qe7
21. bxc6 Rxc6 22. Rb5 Rf6 23. Qe5 Rxf1+ 24. Kxf1 Qh4 25. Qf4 Qh5 26. g4 Qh3+
27. Kg1 g5 28. Qf1 Qxe3+ 29. Kg2 Rc8 30. c3 Rc6 31. Qf3 Qe1 32. Rxd5 Qxb1 33.
Re5 Qc2+ 34. Kg1 Rf6 35. Rxg5+ Kh8 36. Rf5 Rh6 37. Rb5 Rg6 38. Rxb7 Rxg4+ 39.
Kf1 0-1

[Event "Schach Nienberge 2 - SV Heiden 1"]
[Site "Verbandsliga 2017/2018"]
[Date "2018.02.10"]
[Round "6.4"]
[White "Wetterau, Georg"]
[Black "Sicking, Norbert"]
[Result "1/2-1/2"]
[WhiteElo "1805"]
[BlackElo "1809"]
[PlyCount "58"]
[EventDate "2018.??.??"]
[SourceTitle "Verband Muensterland"]
[SourceDate "2017.09.16"]
[SourceVersion "1"]
[SourceVersionDate "2017.09.16"]
[SourceQuality "1"]

1. e4 d6 2. Nf3 g6 3. Bc4 e6 4. O-O Bg7 5. d3 Ne7 6. Bb3 O-O 7. c3 Nbc6 8. Be3
Bd7 9. a4 a6 10. d4 Qc8 11. a5 h6 12. Qd2 Kh7 13. e5 dxe5 14. dxe5 Ng8 15. Bc5
Rd8 16. Qe3 Nce7 17. Nbd2 Bc6 18. Qf4 Be8 19. Ne4 Nd5 20. Qh4 Rd7 21. c4 Nde7
22. Rfd1 Rxd1+ 23. Rxd1 Nc6 24. Nf6+ Kh8 25. Nxg8 Kxg8 26. Be3 Nxe5 27. Nxe5
Bxe5 28. Bxh6 Bc6 29. Bg5 Qf8 1/2-1/2

[Event "Schach Nienberge 2 - SV Heiden 1"]
[Site "Verbandsliga 2017/2018"]
[Date "2018.02.10"]
[Round "6.5"]
[White "Herdering, Martin"]
[Black "Schipke, Thorsten"]
[Result "0-1"]
[WhiteElo "1799"]
[BlackElo "1839"]
[PlyCount "73"]
[EventDate "2018.??.??"]
[SourceTitle "Verband Muensterland"]
[SourceDate "2017.09.16"]
[SourceVersion "1"]
[SourceVersionDate "2017.09.16"]
[SourceQuality "1"]

1. e4 c5 2. Nf3 e6 3. d4 cxd4 4. Nxd4 Nf6 5. Nc3 Bb4 6. f3 e5 7. Ndb5 d5 8. a3
Bxc3+ 9. Nxc3 d4 10. Na2 Nc6 11. Bd3 O-O 12. O-O h6 13. Qe1 a5 14. g4 Nh7 15.
h4 g5 16. hxg5 Nxg5 17. Kg2 Kg7 18. Rh1 Qf6 19. Qg3 Rh8 20. Bc4 Be6 21. Bxe6
Qxe6 22. Rh5 f6 23. Bd2 Qc4 24. c3 Qb3 25. Qf2 Qxb2 26. Rhh1 Qb6 27. cxd4 Nxd4
28. Rab1 Qc7 29. Rhc1 Qd7 30. Bxg5 fxg5 31. Qb2 b5 32. Nc3 Rhf8 33. Rf1 Rac8
34. Rbc1 Qe6 35. Qa2 Qxa2+ 36. Nxa2 Nc2 37. a4 0-1

[Event "Schach Nienberge 2 - SV Heiden 1"]
[Site "Verbandsliga 2017/2018"]
[Date "2018.02.10"]
[Round "6.6"]
[White "Schulte Austum, Frank"]
[Black "Niewerth, Gerd"]
[Result "1/2-1/2"]
[WhiteElo "1744"]
[BlackElo "1784"]
[PlyCount "75"]
[EventDate "2018.??.??"]
[SourceTitle "Verband Muensterland"]
[SourceDate "2017.09.16"]
[SourceVersion "1"]
[SourceVersionDate "2017.09.16"]
[SourceQuality "1"]

1. d4 Nf6 2. Nf3 g6 3. Bg5 Bg7 4. Nbd2 O-O 5. e4 d6 6. Bc4 Nc6 7. c3 e5 8. O-O
h6 9. Bh4 g5 10. Bg3 Qe8 11. dxe5 Nxe5 12. Nxe5 dxe5 13. Qe2 Bg4 14. f3 Bd7 15.
Bf2 b6 16. Rfd1 Nh5 17. Nf1 Nf4 18. Qd2 Rd8 19. Ne3 Bf6 20. Qc2 a5 21. a4 Kh7
22. Nd5 Nxd5 23. exd5+ Kg7 24. d6 c5 25. b4 axb4 26. cxb4 e4 27. Ra3 cxb4 28.
Re3 Bxa4 29. Bb3 Bxb3 30. Qxb3 Qc6 31. Qxb4 exf3 32. Rxf3 b5 33. Rf5 Qc2 34.
Rfd5 Rfe8 35. R1d2 Qc1+ 36. Rd1 Qc2 37. R1d2 Qc1+ 38. Rd1 1/2-1/2

[Event "Schach Nienberge 2 - SV Heiden 1"]
[Site "Verbandsliga 2017/2018"]
[Date "2018.02.10"]
[Round "6.7"]
[White "Winzenhörlein, Thomas"]
[Black "Scharlow, Siegmar"]
[Result "1/2-1/2"]
[WhiteElo "1738"]
[BlackElo "1691"]
[PlyCount "31"]
[EventDate "2018.??.??"]
[SourceTitle "Verband Muensterland"]
[SourceDate "2017.09.16"]
[SourceVersion "1"]
[SourceVersionDate "2017.09.16"]
[SourceQuality "1"]

1. f4 d5 2. Nf3 c5 3. e3 Nc6 4. Bb5 Bd7 5. b3 a6 6. Bxc6 Bxc6 7. Ne5 Qc7 8. O-O
g6 9. Nxc6 Qxc6 10. Bb2 Nf6 11. d3 Bg7 12. Nd2 O-O 13. Nf3 Nd7 14. Bxg7 Kxg7
15. Qe2 Rfe8 16. f5 1/2-1/2

[Event "Schach Nienberge 2 - SV Heiden 1"]
[Site "Verbandsliga 2017/2018"]
[Date "2018.02.10"]
[Round "6.8"]
[White "Van de Vyle, Jan"]
[Black "Buchner, Ralf"]
[Result "0-1"]
[WhiteElo "1778"]
[BlackElo "1694"]
[PlyCount "81"]
[EventDate "2018.??.??"]
[SourceTitle "Verband Muensterland"]
[SourceDate "2017.09.16"]
[SourceVersion "1"]
[SourceVersionDate "2017.09.16"]
[SourceQuality "1"]

1. e4 d6 2. d4 g6 3. Nc3 Bg7 4. Be3 a6 5. Be2 Nd7 6. h4 h6 7. Qd2 b5 8. f4 Bb7
9. Bf3 Nb6 10. b3 Nf6 11. Qd3 Qc8 12. h5 gxh5 13. e5 Ng4 14. O-O-O d5 15. Rxh5
b4 16. Nb1 Nxe3 17. Qxe3 e6 18. Ne2 a5 19. g4 Rg8 20. Ng3 Bf8 21. Rh2 Qd7 22.
Rdh1 O-O-O 23. Qd3 a4 24. Nh5 Be7 25. Kd2 Kb8 26. Nf6 Bxf6 27. exf6 Qd6 28. Qe3
axb3 29. axb3 Rc8 30. Qe5 Qd7 31. Be2 Ka7 32. Rxh6 c5 33. g5 cxd4 34. Qxd4 Qc7
35. Bd3 Ba6 36. Ke3 Bxd3 37. Kxd3 Qxc2+ 38. Ke3 Qxb3+ 39. Ke2 Rc4 40. Qd3 Re4+
41. Kd2 0-1